000
00329 a2200157 4500
001
59105
020
_a
8502043382
040
_c
Anchieta - Pituba
100
_a
Ribeiro, Regina Helena de Araújo
240
1
0
_a
Bandeirantes
_l
por
245
1
0
_a
Bandeirantes
300
_a
87
362
0
_a
2004
650
4
_a
Brasil
942
_c
BK
999
_c
59105
_d
59105